书目信息 |
| 题名: |
新编高中地理题解集
|
|
| 作者: | 赵瑾 编 | |
| 分册: | ||
| 出版信息: | 南京 江苏教育出版社 1989.07 |
|
| 页数: | 156页 | |
| 开本: | 19cm | |
| 丛书名: | ||
| 单 册: | ||
| 中图分类: | G633.55 | |
| 科图分类: | ||
| 主题词: | 教育--各级 | |
| 电子资源: | ||
| ISBN: | 7-5343-0786-4 | |
| 000 | 00567nam0 2200193 45 | |
| 001 | 0309150911 | |
| 005 | 20040505102150.9 | |
| 010 | @a7-5343-0786-4@dCNY1.55 | |
| 100 | @a20030915d1989 km y0chiy0120 ea | |
| 101 | 0 | @achi |
| 105 | @a q 000yy | |
| 200 | 1 | @a新编高中地理题解集@AXin Bian Gao Zhong Di Li Ti Jie Ji@f赵瑾等编@FZhaoJin Deng Bian |
| 210 | @a南京@c江苏教育出版社@d1989.07 | |
| 215 | @a156页@d19cm | |
| 606 | 0 | @a教育@x各级 |
| 690 | @aG633.55@v3 | |
| 701 | 0 | @a赵瑾@4编 |
| 801 | @aCN@bTSTC@c20030915 | |
| 905 | @dG633.55@e113@f3@b251008-010@f2@b251006-007 | |
| 新编高中地理题解集/赵瑾等编.-南京:江苏教育出版社,1989.07 |
| 156页;19cm |
| ISBN 7-5343-0786-4:CNY1.55 |
| ● |
| 相关链接 |
|
|
|
|
正题名:新编高中地理题解集
索取号:G633.55/113
 
预约/预借
| 序号 | 登录号 | 条形码 | 馆藏地/架位号 | 状态 | 备注 |
| 1 | 0251004 | 001841207 | 密集书库/ [索取号:G633.55/113] | 在馆 | |
| 2 | 0251005 | 001841243 | 密集书库/ [索取号:G633.55/113] | 在馆 | |
| 3 | 0251006 | 000604028 | 密集书库/ [索取号:G633.55/113] | 在馆 | |
| 4 | 0251007 | 000603984 | 密集书库/ [索取号:G633.55/113] | 在馆 | |
| 5 | 0251008 | 000603975 | 密集书库/ [索取号:G633.55/113] | 在馆 | |
| 6 | 0251009 | 000604046 | 密集书库/ [索取号:G633.55/113] | 在馆 | |
| 7 | 0251010 | 000604037 | 密集书库/ [索取号:G633.55/113] | 在馆 | |
| 8 | 0251011 | 000603993 | 第一样本阅览室/ [索取号:G633.55/113] | 在馆 |